Statistics for Youtubers with the Most Subscribers

Click here to take the quiz!

General Stats

  • This quiz has been taken 12 times
  • The average score is 4 of 15

Answer Stats

SubscribersAnswer% Correct
54.1 MillionPewdiepie
100%
16 millionKSI
40%
16.8 millionMarkiplier
40%
19.3 millionNigaHiga
40%
22.6 millionSmosh
40%
16.9 millionJenna Marbles
30%
20.2 millionVanossGaming
30%
16.2 millionDude Perfect
20%
31.2 millionHola Soy German
20%
23.5 millionElRubiusOMG
10%
20 millionFernanfloo
10%
17.7 millionWhinderssonnunes
10%
15 millionFine Brothers Entertainment
0%
17.3 millionVegeta777
0%
17.8 millionYuya
0%

Score Distribution

Percentile by Number Answered

Percent of People with Each Score

Your Score History

You have not taken this quiz